000 01720cab a2200421 4500
001 ABS53817
008 090401t1995 xxu||||| |||| 00| 0 eng d
035 _a(Sirsi) u6735
041 _aeng
245 _aEuropean review
260 _c1995
350 _a0
490 _aEstates Times
_vSupplement 22 September 1995 (50)
520 _aSupplement on European property including articles on the increase in office development in Berlin`s suburbs; the Hamburg based developer Hanseatica; oversupplying in the Hamburg office market; recovery in Frankfurt offices; retail and office property in Prague; the boom in waterfront developments; the two-tier office market in Paris; the growth in Lille`s economic fortunes; the exodus to the suburbs in Brussels; how Dutch road policy is affecting business parks; commercial property in Athens; the Expo`98 site in Lisbon; commercial property in the Basque region of Spain and the build up of investment teams in Madrid.
650 _aBELGIUM
650 _aBERLIN
650 _aBUSINESS PARKS
650 _aCZECH REPUBLIC
650 _aDIFA
650 _aDISTRIBUTION INDUSTRY
650 _aEUROPE
650 _aEXPO98
650 _aFRANCE
650 _aFRANKFURT
650 _aGERMANY
650 _aGREECE
650 _aHAMBURG
650 _aLILLE
650 _aNETHERLANDS
650 _aPROPERTY-COMMERCIAL PROPERTY-OFFICE PROPERTY-OFFICE PROPERTY MARKET
650 _aPORTUGAL
650 _aPROPERTY-COMMERCIAL PROPERTY-RETAIL PROPERTY-RETAIL PROPERTY MARKET
650 _aWATERFRONT DEVELOPMENTS
690 _aPROPERTY-COMMERCIAL PROPERTY-COMMERCIAL PROPERTY MARKET
690 _aOVERSEAS-EUROPE
942 _n0
948 _c04/03/1997
999 _c4010
_d4010